000 01421cam a2200337 i 4500
003 SA-RiAUC
005 20250620153336.0
008 250613s1961 ua g b 00110cara c
040 _aSA-RiAUC
_bara
_cSA-RiAUC
_erda
050 4 _b.S53 1961
082 0 4 _a251.12
_qSA-RiAUC
090 _a251.12
_b س ب ا
100 1 _aالسباعي، مصطفى،
_d1915-1964
_eمؤلف.
245 1 2 _aالسنة ومكانتها في التشريع الإسلامي /
_cمصطفى السباعي.
250 _aالطبعة الأولى.
264 1 _aالقاهرة :
_bمكتبة دار العروبة،
_c1961
300 _a524 صفحة ؛
_c23 سم
336 _aنص
_btxt
_2rdacontent
_3كتاب
337 _aبدون وسيط
_bn
_2rdamedia
338 _aمجلد
_bnc
_2rdacarrier
500 _aكشافات : صفحة 517- 521.
500 _aفي هذا الكتاب تاريخ صحيح للسنة النبوية ومناقشة لأخطاء المستشرقين وأحمد أمين أبو رية.
504 _aببليوجرافية : صفحة 511 -514.
504 _aيشتمل على إرجاعات ببليوجرافية.
650 7 _aالسنة
_2aucsh
650 7 _aالحديث
_xجوامع الفنون
_2aucsh
650 7 _aأصول الفقه الإسلامي
_2aucsh
650 7 _aالفقه الإسلامي
_2aucsh
942 _2ddc
_cBOOK
_n0
949 _aSA-JeALM
_d250613
_umohamedma123
_n1
999 _c9103
_d9103